|
|
|
|
| LEADER |
01245nam a22003372a 4500 |
| 001 |
000223213 |
| 003 |
CZ BrMZK |
| 005 |
20150514092942.0 |
| 007 |
ta |
| 008 |
950101s1969 xr f cze d |
| 015 |
|
|
|a cnb000425059
|
| 035 |
|
|
|a (OCoLC)42169682
|
| 040 |
|
|
|a ABA001
|b cze
|c ABA001
|d ABA001
|d BOA001
|
| 041 |
0 |
|
|a cze
|b eng
|b ger
|b rus
|
| 080 |
9 |
|
|a 534.86:778.534.4(024)
|
| 100 |
1 |
|
|a Kuna, Milan,
|d 1932-
|7 jk01070854
|4 aut
|
| 245 |
1 |
0 |
|a Zvuk a hudba ve filmu :
|b k analýze zvukové dramaturgie filmu /
|c Milan Kuna
|
| 250 |
|
|
|a 1. vyd.
|
| 260 |
|
|
|a Praha :
|b Panton,
|c 1969
|
| 300 |
|
|
|a 266 s. ;
|c 8°
|
| 490 |
1 |
|
|a Hudební vědy. Řada A ;
|v sv. 7
|
| 500 |
|
|
|a 1000 výt.
|
| 504 |
|
|
|a Obsahuje bibliografii
|
| 546 |
|
|
|a Anglické, německé a ruské resumé
|
| 830 |
|
0 |
|a Hudební vědy
|0 s
|
| 856 |
4 |
1 |
|u http://www.digitalniknihovna.cz/mzk/uuid/uuid:9fcd2330-b8a6-11e3-b833-005056827e52
|y Digitalizovaný dokument
|x NDK
|
| 910 |
|
|
|a BOA001
|b 2-0622.453
|
| 990 |
|
|
|a BK
|
| 991 |
|
|
|b 201309
|
| 996 |
6 |
|
|b 2610633246
|c 2-0622.453
|l Sklad H1
|r Sklad / do 24 hodin
|n 2
|p dar
|h HS212
|w 000223213
|u 000020
|a 1
|e BOA001
|j MZK50
|s P
|
| 996 |
7 |
|
|b 2610660100
|c 2-0622.453
|l Sklad H1
|r Sklad / do 24 hodin
|n 8
|h HS212
|w 000223213
|u 000030
|a 1
|e BOA001
|j MZK50
|s A
|